The Cambridge illustrated history of the British Empire / (Record no. 23470)

MARC details
000 -LEADER
fixed length control field 01488cam a2200337 a 4500
001 - CONTROL NUMBER
control field 1142816
003 - CONTROL NUMBER IDENTIFIER
control field OSt
005 - DATE AND TIME OF LATEST TRANSACTION
control field 20211222144520.0
008 - FIXED-LENGTH DATA ELEMENTS--GENERAL INFORMATION
fixed length control field 950406s1996 enkab b 001 0 eng
010 ## - LIBRARY OF CONGRESS CONTROL NUMBER
LC control number 95014535
020 ## - INTERNATIONAL STANDARD BOOK NUMBER
International Standard Book Number 0521432111
040 ## - CATALOGING SOURCE
Original cataloging agency DLC
Transcribing agency hu
Modifying agency DLC
043 ## - GEOGRAPHIC AREA CODE
Geographic area code e-uk---
-- b------
050 00 - LIBRARY OF CONGRESS CALL NUMBER
Classification number DA16
Item number .M29 1996
082 00 - DEWEY DECIMAL CLASSIFICATION NUMBER
Classification number 941.08
Edition number 20
245 04 - TITLE STATEMENT
Title The Cambridge illustrated history of the British Empire /
Statement of responsibility, etc. edited by P.J. Marshall.
260 ## - PUBLICATION, DISTRIBUTION, ETC.
Place of publication, distribution, etc. Cambridge [England] ;
-- New York :
Name of publisher, distributor, etc. Cambridge University Press,
Date of publication, distribution, etc. 1996.
300 ## - PHYSICAL DESCRIPTION
Extent 400 p. :
Other physical details ill. (some col.), maps (some col.) ;
Dimensions 26 cm.
500 ## - GENERAL NOTE
General note Map of British Imperial Territories in the 1850s on endpapers.
504 ## - BIBLIOGRAPHY, ETC. NOTE
Bibliography, etc. note Includes bibliographical references (p. 389-391) and index.
650 #0 - SUBJECT ADDED ENTRY--TOPICAL TERM
Topical term or geographic name entry element Imperialism
General subdivision History.
9 (RLIN) 21822
651 #0 - SUBJECT ADDED ENTRY--GEOGRAPHIC NAME
Geographic name Great Britain
General subdivision Colonies
-- History.
9 (RLIN) 24328
651 #0 - SUBJECT ADDED ENTRY--GEOGRAPHIC NAME
Geographic name Commonwealth countries
General subdivision History.
9 (RLIN) 24329
700 1# - ADDED ENTRY--PERSONAL NAME
Personal name Marshall, P. J.
Fuller form of name (Peter James)
9 (RLIN) 24330
856 42 - ELECTRONIC LOCATION AND ACCESS
Materials specified Publisher description
Uniform Resource Identifier <a href="http://www.loc.gov/catdir/description/cam027/95014535.html">http://www.loc.gov/catdir/description/cam027/95014535.html</a>
856 41 - ELECTRONIC LOCATION AND ACCESS
Materials specified Table of contents
Uniform Resource Identifier <a href="http://www.loc.gov/catdir/toc/cam022/95014535.html">http://www.loc.gov/catdir/toc/cam022/95014535.html</a>
856 42 - ELECTRONIC LOCATION AND ACCESS
Materials specified Contributor biographical information
Uniform Resource Identifier <a href="http://www.loc.gov/catdir/enhancements/fy0732/95014535-b.html">http://www.loc.gov/catdir/enhancements/fy0732/95014535-b.html</a>
906 ## - LOCAL DATA ELEMENT F, LDF (RLIN)
a 7
b cbc
c orignew
d 1
e ocip
f 19
g y-gencatlg
942 ## - ADDED ENTRY ELEMENTS (KOHA)
Source of classification or shelving scheme Dewey Decimal Classification
Koha item type Books like text book referance book
Suppress in OPAC No
Holdings
Withdrawn status Lost status Source of classification or shelving scheme Damaged status Not for loan Home library Current library Shelving location Date acquired Total Checkouts Full call number Barcode Date last seen Copy number Price effective from Koha item type
    Dewey Decimal Classification     Social Library Social Library General Stacks 12/22/2021   941,06/cam SHLIB 00012683 12/22/2021 c1 12/22/2021 Books like text book referance book